000 00263nam a2200097Ia 4500
005 20251222114401.0
008 251222s1900||||xx |||||||||||||| ||spa||
082 _aDVD0040/C78/2004
245 0 _aLa vuelta al mundo en 80 días:Around the WorId in 80 days
942 _cDVD
999 _c1626
_d1626